<?xml version="1.0" encoding="UTF-8"?>
<record
    xmlns:xsi="http://www.w3.org/2001/XMLSchema-instance"
    xsi:schemaLocation="http://www.loc.gov/MARC21/slim http://www.loc.gov/standards/marcxml/schema/MARC21slim.xsd"
    xmlns="http://www.loc.gov/MARC21/slim">

  <leader>00981nam a2200205 i 4500</leader>
  <controlfield tag="001">166435</controlfield>
  <controlfield tag="003">ES-MaACL</controlfield>
  <controlfield tag="005">20250805063307.0</controlfield>
  <controlfield tag="008">940206m18531856fr           |||| | fre d</controlfield>
  <datafield tag="040" ind1=" " ind2=" ">
    <subfield code="a">CAM </subfield>
    <subfield code="b">spa</subfield>
  </datafield>
  <datafield tag="100" ind1="0" ind2=" ">
    <subfield code="a">Tom&#xE1;s de Aquino,</subfield>
    <subfield code="c">Santo</subfield>
    <subfield code="9">110514</subfield>
  </datafield>
  <datafield tag="245" ind1="1" ind2="3">
    <subfield code="a">La somme th&#xE9;ologique de Saint Thomas </subfield>
    <subfield code="b">: latin-fran&#xE7;ois en regard avec des notes theologiques, historiques et philogiques... ; avec un lexique pour tous les termes scolastiques... / </subfield>
    <subfield code="c">par M. l'abb&#xE9; Drioux,...</subfield>
  </datafield>
  <datafield tag="260" ind1=" " ind2=" ">
    <subfield code="a">Paris : </subfield>
    <subfield code="b">Eugene Belin, </subfield>
    <subfield code="c">1853-1855.</subfield>
  </datafield>
  <datafield tag="300" ind1=" " ind2=" ">
    <subfield code="a">9 .v. ; </subfield>
    <subfield code="c">22 cm.</subfield>
  </datafield>
  <datafield tag="505" ind1="8" ind2=" ">
    <subfield code="a">Contiene t.I, 1853 (XXXI, 579 p.), t.II, 1853 (666 p.), t.III, 1854 (747 p.), t.IV, 1854 (592 p.), t.V, 1854 (668 p.), t.VI, 1855 (656 p.), t.VII, 1855 (695 p.), t.VIII, 1855 (752 p.) y t.IX, 1855 (678 p.)</subfield>
  </datafield>
  <datafield tag="650" ind1=" " ind2="7">
    <subfield code="a">Teolog&#xED;a</subfield>
    <subfield code="2">embne</subfield>
    <subfield code="9">17457</subfield>
  </datafield>
  <datafield tag="700" ind1="1" ind2=" ">
    <subfield code="a">Drioux, Claude-Joseph, </subfield>
    <subfield code="d">1820-1898</subfield>
    <subfield code="9">165241</subfield>
  </datafield>
  <datafield tag="852" ind1=" " ind2=" ">
    <subfield code="a">ES-MaACL</subfield>
    <subfield code="j">F-6874-82 </subfield>
    <subfield code="z">-- Enc. hol.</subfield>
  </datafield>
  <datafield tag="999" ind1=" " ind2=" ">
    <subfield code="c">166435</subfield>
    <subfield code="d">166435</subfield>
  </datafield>
  <datafield tag="952" ind1=" " ind2=" ">
    <subfield code="0">0</subfield>
    <subfield code="1">0</subfield>
    <subfield code="4">0</subfield>
    <subfield code="7">0</subfield>
    <subfield code="8">LIBXIX</subfield>
    <subfield code="a">ATENEOM</subfield>
    <subfield code="b">ATENEOM</subfield>
    <subfield code="c">DEPO2</subfield>
    <subfield code="d">2008-01-17</subfield>
    <subfield code="l">0</subfield>
    <subfield code="o">F-6874-82</subfield>
    <subfield code="p">1174556</subfield>
    <subfield code="r">2023-02-23 00:00:00</subfield>
    <subfield code="w">2023-02-23</subfield>
    <subfield code="y">MONANT</subfield>
  </datafield>
</record>
